Gemeinden der VG Ruwer (LK Trier-Saarburg) - Statistiken

Allgemein
  • Dieses Quiz wurde 25 mal gespielt
  • Das Durchschnittsergebnis liegt bei 16 aus 20
Antwortstatistiken
Einwohner Geimeinde % Korrekt
1733 Mertesdorf
100%
1304 Kasel
93%
2111 Waldrach
93%
461 Gusterath
86%
913 Morscheid
86%
2355 Osburg
86%
1695 Pluwig
86%
230 Bonerath
79%
836 Farschweiler
79%
750 Gutweiler
79%
260 Herl
79%
78 Sommerau
79%
1083 Thomm
79%
465 Holzerath
71%
796 Korlingen
71%
793 Schöndorf
71%
547 Lorscheid
64%
405 Riveris
64%
127 Hinzenburg
57%
156 Ollmuth
57%
Keine übereinstimmenden Quizze gefunden
Verteilung der Resultate
Anzahl Personen mit jedem Resultat
Perzentil nach korrekt beantworteten Fragen
Ihre Resultats-Entwicklung
Sie haben dieses Quiz noch nicht gespielt